ՀՀ Գիտությունների ազգային ակադեմիայի հիմնարար գիտական գրադարան  =   Fundamental Scientific Library of NAS RA

Սովետական պետականության հաստատումը և ամրապնդումը Հայաստանում : (Record no. 96676)

MARC details
000 -LEADER
fixed length control field 01160nam a2200229 u 4500
001 - CONTROL NUMBER
control field 000265999
003 - CONTROL NUMBER IDENTIFIER
control field AM-YeHGA
005 - DATE AND TIME OF LATEST TRANSACTION
control field 20250618071754.0
008 - FIXED-LENGTH DATA ELEMENTS--GENERAL INFORMATION
fixed length control field 030925s1958 ai r 000 0 arm d
040 ## - CATALOGING SOURCE
Original cataloging agency AM-YeHGA
090 ## - LOCALLY ASSIGNED LC-TYPE CALL NUMBER (OCLC); LOCAL CALL NUMBER (RLIN)
-- 97981
100 1# - MAIN ENTRY--PERSONAL NAME
Personal name Պետրոսյան, Շահեն Նիկոլայի,
Dates associated with a name 1912-1999
9 (RLIN) 1245
245 10 - TITLE STATEMENT
Title Սովետական պետականության հաստատումը և ամրապնդումը Հայաստանում :
Remainder of title 1920 թ. նոյեմբեր- 1922 թ. փետրվար /
Statement of responsibility, etc. Շ.Ն. Պետրոսյան; Խմբ.՝ Ա.Մ. Հակոբյան; ԵՊՀ.
260 ## - PUBLICATION, DISTRIBUTION, ETC.
Place of publication, distribution, etc. Երևան :
Name of publisher, distributor, etc. Երևանի համալս. հրատ.,
Date of publication, distribution, etc. 1958.
300 ## - PHYSICAL DESCRIPTION
Extent 164 էջ :
Other physical details նկ. ;
Dimensions 21 սմ.
504 ## - BIBLIOGRAPHY, ETC. NOTE
Bibliography, etc. note Տողատակի մատենագիտ. ծանոթագր.
520 0# - SUMMARY, ETC.
Summary, etc. Ամփոփումը ռուս. լեզվով, էջ՝ 155-162
650 14 - SUBJECT ADDED ENTRY--TOPICAL TERM
Topical term or geographic name entry element Հայոց պատմություն
650 14 - SUBJECT ADDED ENTRY--TOPICAL TERM
Topical term or geographic name entry element Կոմունիստական կուսակցության պատմություն
Geographic subdivision Հայաստան
700 1# - ADDED ENTRY--PERSONAL NAME
Personal name Հակոբյան, Արշավիր Մնացականի,
Dates associated with a name 1908-1993
Relator term խմբ.
Relationship edt
9 (RLIN) 1211
710 2# - ADDED ENTRY--CORPORATE NAME
Corporate name or jurisdiction name as entry element Երևանի պետական համալսարան
Holdings
Withdrawn status Lost status Damaged status Not for loan Collection Home library Current library Date acquired Total checkouts Full call number Barcode Date last seen Cost, replacement price Price effective from Koha item type Public note
        General Fundamental Scientific Library Fundamental Scientific Library 22/12/2016   AII/183 FL0031180 22/12/2016 6.00 22/12/2016 Գրքեր / Books 30 Days Loan
        General Fundamental Scientific Library Fundamental Scientific Library 22/12/2016   AII/184 FL0031181 22/12/2016 6.00 22/12/2016 Գրքեր / Books 30 Days Loan
        General Fundamental Scientific Library Fundamental Scientific Library 22/12/2016   AII/185 FL0031182 22/12/2016 6.00 22/12/2016 Գրքեր / Books 30 Days Loan
        General Fundamental Scientific Library Fundamental Scientific Library 22/12/2016   AII/186 FL0031183 22/12/2016 6.00 22/12/2016 Գրքեր / Books 30 Days Loan


ՀՀ ԳԱԱ հիմնարար գիտական գրադարան
ՀՀ,Երևան 0019
Մարշալ Բաղրամյան 24/6
հեռախոս:(374-10) 52-47-50
Հետադարձ կապ

All site content, except where otherwise noted, is licensed under a
Creative Commons License